000 00383nam a2200133Ia 4500
005 20260328104328.0
008 260328s9999||||xx |||||||||||||| ||und||
100 _aAlemán, Laura
245 0 _aDe los Campos, Puente, Tournier :
_b Obras y Proyectos /
_cLaura Alemán
260 _bInstituto de historia de la arquitectura
300 _a369 p.
650 _aARQUITECTOS
942 _cBK
999 _c11621
_d11621